| 000 | 01696nam a2200313Ia 4500 | ||
|---|---|---|---|
| 008 | 130821s1959 sp gr spa | ||
| 040 |
_aCo-BoUCM _bspa |
||
| 041 | _aspa | ||
| 245 | 0 | 0 |
_aHistoria general de las civilizaciones _cpublicada bajo la dirección de Maurice Crouzet. |
| 260 |
_aBarcelona (España) _bEdiciones Destino _c1959-1973 |
||
| 300 | _a7 volúmenes | ||
| 505 | _aV. 1 : Oriente y Grecia antigua. -- V. 2 : Roma y su imperio. --V. 3 : La Edad Media. --V. 4 : Los siglos XVI y XVII. --V. 5 : El siglo XVIII. -- V. 6 : El siglo XIX. -- V. 7 : La época contemporánea. | ||
| 650 | 0 | 4 |
_aHistoria de las civilizaciones _916935 |
| 650 | 0 | 4 |
_aHistoria universal _916951 |
| 700 | 1 |
_aCrouzet, Maurice _edir. |
|
| 700 | 1 |
_aReglá, Juan _etrad. |
|
| 700 | 1 |
_aRipoll Perelló, Eduardo _etrad. |
|
| 700 | 1 |
_aRomano, David _etrad. |
|
| 700 | 1 |
_aSobrequés Vidal, Santiago _etrad. |
|
| 740 | 0 | 2 | _aOriente y Grecia antigua / André Aymard y Jeannine Auboyer. |
| 740 | 0 | 2 | _aRoma y su imperio / André Aymard y Jeannine Auboyer. |
| 740 | 3 | 2 | _aEl siglo XIX : el apogeo de la expansión europea (1815-1914) / Robert Schnerb. |
| 740 | 3 | 2 | _aEl siglo XVIII : revolución intelectual, técnica y política (1715-1815) / Roland Mousnier y Ernest Labrousse. |
| 740 | 3 | 2 | _aLa edad media : la expansión del oriente y el nacimiento de la civilización occidental / Edourda Perroy. |
| 740 | 3 | 2 | _aLa época contemporánea : en busca de la nueva civilización / Maurice Crouzet. |
| 740 | 4 | 2 | _aLos siglos XVI y XVII : el progreso de la civilización europea y la decadencia (1492-1715) / Roland Mousnier. |
| 942 |
_cLIBRORESER _2DEWEY _a21 _e1 _h940 _mH47 |
||
| 999 |
_c6370 _d6370 |
||